Online
Catalog

Doctrina de la República / (Record no. 33486)

MARC details
000 -CABECERA
campo de control de longitud fija 00612nam a2200181 a 4500
001 - NÚMERO DE CONTROL
campo de control 000033995
005 - FECHA Y HORA DE LA ÚLTIMA TRANSACCIÓN
campo de control 20200930070703.0
008 - DATOS DE LONGITUD FIJA--INFORMACIÓN GENERAL
campo de control de longitud fija 110919s1937 cu 000 0 spa d
040 ## - FUENTE DE LA CATALOGACIÓN
Centro catalogador/agencia de origen DO-SdBNP
Lengua de catalogación spa
Centro/agencia transcriptor BNPHU
082 ## - NÚMERO DE LA CLASIFICACIÓN DECIMAL DEWEY
Número de clasificación xxx
Número de documento/Ítem M357d
100 1# - ENTRADA PRINCIPAL--NOMBRE DE PERSONA
Nombre de persona Márquez Sterling, Manuel
9 (RLIN) 59445
245 10 - MENCIÓN DE TÍTULO
Título Doctrina de la República /
Mención de responsabilidad, etc. Manuel Márquez Sterling ; prólogo René Lufríu.
260 ## - PUBLICACIÓN, DISTRIBUCIÓN, ETC.
Lugar de publicación, distribución, etc. La Habana, Cuba :
Nombre del editor, distribuidor, etc. Secretaría de Educación,
Fecha de publicación, distribución, etc. 1937.
300 ## - DESCRIPCIÓN FÍSICA
Extensión 128 p. ;
Dimensiones 21 cm.
490 1# - MENCIÓN DE SERIE
Mención de serie Grandes periodistas cubanos
700 1# - PUNTO DE ACCESO ADICIONAL--NOMBRE DE PERSONA
Nombre de persona Lufríu, René,
Término indicativo de función/relación pról.
9 (RLIN) 29350
830 #0 - PUNTO DE ACCESO ADICIONAL DE SERIE-TÍTULO UNIFORME
Título uniforme Grandes periodistas cubanos
9 (RLIN) 59446
Holdings
Estado de retiro Estado de pérdida Restricciones de uso No para préstamo Código de colección Localización permanente Ubicación/localización actual Ubicación en estantería Fecha de adquisición Número de inventario Total de préstamos Signatura topográfica completa Código de barras Fecha visto por última vez Precio válido a partir de Tipo de ítem Koha
      Excluido de préstamo Raros y valiosos General General En catalogación 19.09.2011 LF1   xxx M357d 33995-10 25.06.2020 25.06.2020 No se presta

Powered by Koha